Norway - 10 Questions - Statistics

General Stats
  • This quiz has been taken 34 times
  • The average score is 6 of 10
Answer Stats
Question Answer % Correct
What is the capital city? Oslo
100%
What is the official language? Norwegian
97%
Who was “The Scream” painted by? Edvard Munch
81%
What is the currency? Norwegian krone (NOK)
74%
What is the indigenous group? Sami
61%
Who is the prime minister? Erna Solberg
55%
Who is the current monarch? Harald V
55%
Which county has the highest population? Viken
39%
What is their claimed land on Antarctica called? Queen Maud Land
32%
Which British monastery was looted by Vikings in 793? Lindisfarne
23%
No matching quizzes found
Score Distribution
Percent of People with Each Score
Percentile by Number Answered
Your Score History
You have not taken this quiz